Statistics for "J" Books of the Bible

Click here to take the quiz!

General Stats

  • This quiz has been taken 97 times
  • The average score is 10 of 12

Answer Stats

Testament Answer % Correct
NewJohn
94%
OldJoshua
93%
NewJames
88%
OldJeremiah
88%
OldJudges
86%
NewJude
84%
OldJob
83%
OldJonah
77%
New2 John
73%
New1 John
72%
New3 John
70%
OldJoel
63%

Score Distribution

Percentile by Number Answered

Percent of People with Each Score

Your Score History

You have not taken this quiz